00720nam a2200229Ia 4500003000400000005001700004008004100021020001800062040000700080041000800087082001600095100003300111245003700144260004100181300001700222365001300239650003300252906003800285942001200323999001900335952013600354OSt20230328100758.0210423s2003 xx 000 0 und d a0-521-69765-4 cAL aeng a809.03 LEVC aLEVENSON (Michael) Ed978629 aCambridge companion to modernism aUKbCambridge University Pressc2003 axvii,246bPB b595cINR aHistory of Literature978630 aCambridge ; companion ; modernism 2ddccBK c156148d156148 001040708MAENGaSACPGbSACPGd2008-09-24eKnowledge Worldg595.00l0o809.03 LEVCpPG002621r2022-08-24 00:00:00w2021-04-26yBK